000 00717nam a2200289Ia 4500
005 20260324120257.0
008 008 260324s9999 xx 000 0 eng d
020 _a9781315718224
037 _aEBOOK
040 _aCRL
040 _beng
040 _cCRL
041 _2eng
041 _aeng
084 _qCRL
100 _aJonathan Savage; William Evans
_91157925
245 0 _aDeveloping a Local Curriculum
245 0 _bUsing your locality to inspire teaching and learning
260 _bTaylor and Francis
260 _c2015
365 _a
365 _b230
856 _uhttp://www.taylorfrancis.com/books/9781315718224
942 _cEBOOK
999 _c1749378
_d1749378